000 00733nam a22001817a 4500
005 20230911105747.0
010 _aHIN-125871
020 _a9789390872275
_c300.00
035 _aHN-98217
037 _bDBAD/PUB.
082 _a
100 _aकैफी, हबीब
_956138
245 _aफ़ुटपाथ की जबानी /
_c हबीब कैफी
260 _aनई दिल्ली
_bसस्ता साहित्य मंडल प्रकाशन
_c2021
270 _aएन-77 -पहली मंज़िल कनाट सर्कस
_bनई दिल्ली
_e110001
300 _a127 पृ
_c22सेमी (सजिल्द)
942 _adpl
_cHN
_2ddc
_h
_mकैफीह
999 _c197958
_d197958